Statistics for Big Boss Man's Wrestlemania Opponents

Click here to take the quiz!

General Stats

  • This quiz has been taken 20 times
  • The average score is 4 of 11

Answer Stats

WrestleManiaOpponent% Correct
WrestleMania XVThe Undertaker
100%
Wrestlemania V*Shawn Michaels
50%
WrestleMania V*Marty Jannetty
39%
WrestleMania 2000*D'Lo Brown
33%
WrestleMania VIIMr. Perfect
33%
WrestleMania VIAkeem
28%
WrestleMania 2000*The Godfather
28%
WrestleMania VIII*The Mountie
22%
WrestleMania VIII*Brian Knobbs
17%
WrestleMania VIII*Jerry Sags
17%
WrestleMania VIII*Repo Man
17%

Score Distribution

Percentile by Number Answered

Percent of People with Each Score

Your Score History

You have not taken this quiz